000 00792nam a22002417a 4500
999 _c11645
_d11645
003 AR-CdUCM
008 190404b ||||| |||| 00| 0 spa d
040 _aMUNICIPALIDAD PROVINCIAL DEL CUSCO
_cBIBLIOTECA MUNICIPAL DEL CUSCO
041 _heng
082 _a818.5 /
_bM647T / 1959
100 _aMiller, Henry
_929105
245 _aTrópico de cáncer /
260 _aBuenos Aires :
_bSantiago Rueda,
_c1959.
300 _a300 páginas ;
_c21 cm.
500 _aDonación de la Familia Nieto. Libro en mal estado, hojas rotas.
505 _aContenido: Trópico del cáncer.
650 _aNovelas estadounidenses
_9734
650 _aSiglo XX
_98
650 _aNovelas
_9218
700 _aIglesias, Mario Guillermo (traductor)
_929106
942 _2ddc
_cLIBROS
945 _acmm
_d2019-04-04